[Event "caioash"]
[Site "http://www.queenalice.com/game.php?id=45237"]
[Date "2005.12.25"]
[Round "-"]
[White "herderhf"]
[Black "Caioash"]
[Result "0-1"]
[WhiteElo "1644"]
[BlackElo "1100"]

1. e4 e5 2. Nf3 d6 3. d4 Nc6 4. Bb5 a6 5. Bxc6+ bxc6 6. dxe5 dxe5 7. Nxe5 Bb4+
8. Nc3 Qxd1+ 9. Kxd1 Ne7 10. Be3 O-O 11. a3 Bd6 12. f4 Rb8 13. Rb1 c5 14. Nd5
Re8 15. g3 Bh3 16. Rg1 h5 17. c4 Rb3 18. Kc2 Rb7 19. b3 c6 20. Nc3 f6 21. Nd3
Ng6 22. f5 Nh8 23. Nxc5 Rb6 24. Ne6 Rbb8 25. c5 Be5 26. b4 g5 27. Bd4 Bxd4 0-1

[Event "Challenge"]
[Site "http://www.queenalice.com/game.php?id=46547"]
[Date "2006.1.5"]
[Round "-"]
[White "trompmaster"]
[Black "herderhf"]
[Result "1-0"]
[WhiteElo "1936"]
[BlackElo "1711"]

1. d4 d5 2. Bg5 h6 3. Bh4 g5 4. Bg3 Nc6 5. e3 f6 6. Qh5+ Kd7 7. Nc3 e6 8. Bd3
Bb4 9. Ne2 Bxc3+ 10. Nxc3 a6 11. O-O-O Qe8 12. Bg6 Qf8 13. e4 Nge7 14. exd5 exd5
15. Na4 b6 16. c4 Bb7 17. cxd5 Nxd5 18. Bf5+ Kd8 19. Rhe1 Nce7 20. Be6 Rh7 21.
Kb1 Bc8 22. Bxd5 Nxd5 23. Qf3 Bb7 24. Qf5 Re7 25. Re5 Qf7 26. Rxe7 Nxe7 27. Qc2
1-0

[Event "Challenge"]
[Site "http://www.queenalice.com/game.php?id=46607"]
[Date "2006.1.6"]
[Round "-"]
[White "ulises"]
[Black "herderhf"]
[Result "1-0"]
[WhiteElo "1801"]
[BlackElo "1667"]

1. e4 e5 2. Nf3 d6 3. h3 Nf6 4. Nc3 Nc6 5. Bc4 Be6 6. Bb3 Be7 7. O-O O-O 8. d3
a5 9. Ng5 Bxb3 10. axb3 h6 11. Nf3 b6 12. d4 Rc8 13. d5 Nb4 14. Re1 Qd7 15. Bd2
c6 16. dxc6 Qxc6 17. Re2 1-0

[Event "Challenge"]
[Site "http://www.queenalice.com/game.php?id=48314"]
[Date "2006.1.17"]
[Round "-"]
[White "serse"]
[Black "herderhf"]
[Result "1-0"]
[WhiteElo "1844"]
[BlackElo "1691"]

1. e4 e5 2. Nf3 Nc6 3. Bb5 a6 4. Ba4 Nf6 5. d4 Bd6 6. O-O O-O 7. Bxc6 dxc6 8.
dxe5 Bc5 9. Qxd8 Rxd8 10. exf6 gxf6 11. Bf4 Bd6 12. Rd1 Be6 13. Bxd6 cxd6 14.
Nd4 Bd7 15. f3 c5 16. Nb3 Kh8 17. Rxd6 Rac8 18. Nc3 1-0

[Event "Challenge"]
[Site "http://www.queenalice.com/game.php?id=71781"]
[Date "2006.5.26"]
[Round "-"]
[White "herderhf"]
[Black "filhoje"]
[Result "0-1"]
[WhiteElo "1677"]
[BlackElo "1645"]

1. d4 d5 2. Nc3 Nc6 3. Nf3 Bf5 4. e3 Nb4 5. Bd3 Qd7 6. a3 Nc6 7. Bxf5 Qxf5 8.
O-O Nf6 9. h3 e6 10. Qe2 Bd6 0-1

[Event "Challenge"]
[Site "http://www.queenalice.com/game.php?id=545602"]
[Date "2009.2.24"]
[Round "-"]
[White "herderhf"]
[Black "flogisto"]
[Result "1-0"]
[WhiteElo "1644"]
[BlackElo "1659"]

1. e4 e5 2. Nf3 Nc6 3. Nc3 Bb4 4. Bb5 a6 5. Bxc6 dxc6 6. d4 Nf6 7. Qd3 exd4 8.
Qxd4 Nd5 9. exd5 Qe7+ 10. Be3 c5 11. Qxg7 Rf8 12. O-O Bf5 13. Rfe1 O-O-O 14. Bg5
Qd7 15. Bxd8 Kxd8 16. Qxf8+ 1-0

[Event "Challenge"]
[Site "http://www.queenalice.com/game.php?id=566529"]
[Date "2009.4.4"]
[Round "-"]
[White "herderhf"]
[Black "Aguinaldo"]
[Result "1-0"]
[WhiteElo "1672"]
[BlackElo "1747"]

1. e4 e5 2. Nf3 d6 3. d4 exd4 4. Nxd4 Qe7 5. Nc3 Bd7 6. Bb5 Bxb5 7. Ndxb5 c6 8.
Nd4 Nf6 9. O-O Nbd7 10. Re1 O-O-O 11. Be3 Nxe4 12. Nxe4 d5 13. Nc3 Qb4 14. Rb1
Bc5 15. a3 Qb6 16. Na4 Qa5 17. Nxc5 Qxc5 18. Ne6 Qa5 19. Nxd8 Kxd8 20. c3 a6 21.
Qd4 f6 22. Qa7 Kc7 23. Bf4+ Ne5 24. Bxe5+ fxe5 25. Rxe5 Qb6 26. Re7+ 1-0

[Event "Challenge"]
[Site "http://www.queenalice.com/game.php?id=570542"]
[Date "2009.4.11"]
[Round "-"]
[White "doomedbr"]
[Black "herderhf"]
[Result "1-0"]
[WhiteElo "1995"]
[BlackElo "1700"]

1. e3 d5 2. b3 e5 3. Qh5 Nc6 4. Bb5 Bd6 5. Ba3 Qe7 6. Bxd6 Qxd6 7. Nf3 g6 8.
Qxe5+ Qxe5 9. Nxe5 Ne7 10. Nc3 Be6 11. O-O a6 12. Nxc6 Nxc6 13. Bxc6+ bxc6 14.
e4 O-O 15. f4 f5 16. e5 Rab8 17. Na4 Rb5 18. d4 Re8 19. Rf3 h6 20. Rc3 Bd7 21.
Nc5 Bc8 22. Re1 Kf7 23. Rh3 h5 24. Rhe3 a5 25. a4 Rb8 26. e6+ Kf6 27. e7 Rb4 28.
c3 Rb8 29. g3 Rb6 30. Kf2 Rb8 31. Kg2 Rb6 32. Kh3 Rb8 33. Kh4 Ra8 34. Re6+ Bxe6
35. Rxe6+ Kf7 36. Kg5 Rxe7 37. Rf6+ Kg8 38. Rxg6+ Rg7 39. Kxf5 Rxg6 40. Kxg6 Re8
41. f5 Rd8 42. f6 Rd6 43. b4 axb4 44. cxb4 Kf8 45. a5 Ke8 46. a6 Rd8 47. Ne6 1-0

[Event "Challenge"]
[Site "http://www.queenalice.com/game.php?id=572723"]
[Date "2009.4.16"]
[Round "-"]
[White "DavidKR"]
[Black "herderhf"]
[Result "1-0"]
[WhiteElo "1727"]
[BlackElo "1694"]

1. e4 e5 2. Nf3 Nc6 3. Nc3 Nf6 4. Bd3 d6 5. O-O Be6 6. Ng5 Bg4 7. Qe1 h6 8. Nf3
Be7 9. Nh4 Nd4 10. f3 Be6 11. Nb5 c5 12. Nxd4 cxd4 13. Bb5+ Bd7 14. Bxd7+ Qxd7
15. d3 O-O 16. Qg3 Nh5 17. Qf2 Bxh4 18. Qxh4 Nf4 19. Bxf4 exf4 20. Qxf4 Rac8 21.
Rfc1 Rfe8 22. c3 dxc3 23. bxc3 d5 24. exd5 Qxd5 25. Qd2 Re6 26. d4 Rce8 27. Re1
1-0

[Event "Challenge"]
[Site "http://www.queenalice.com/game.php?id=642550"]
[Date "2009.8.26"]
[Round "-"]
[White "Canuck"]
[Black "herderhf"]
[Result "0-1"]
[WhiteElo "1724"]
[BlackElo "1717"]

1. d4 d5 2. c4 e6 3. Nc3 Nf6 4. Bg5 h6 5. Bh4 Be7 6. Nf3 Nc6 7. e3 O-O 8. cxd5
exd5 9. Bd3 Qd6 10. a3 g6 11. Bg3 Qe6 12. Bxc7 Ne4 13. Ne5 Bd6 14. Bxd6 Qxd6 15.
Nxc6 Qxc6 16. Bxe4 dxe4 17. O-O Re8 18. Rc1 Bd7 19. d5 Qf6 20. b4 a6 21. Qb3 Qg5
22. Rfd1 Bh3 23. g3 Qf5 24. f4 exf3 25. Kf2 Bg2 26. Na4 Qh3 27. Nc5 Qxh2 28. e4
b6 29. Nd7 Bh3+ 30. Ke3 Qe2+ 31. Kd4 Rxe4+ 32. Kc3 Re3+ 33. Rd3 Rxd3+ 0-1

[Event "Challenge"]
[Site "http://www.queenalice.com/game.php?id=658694"]
[Date "2009.9.27"]
[Round "-"]
[White "Jimbo48"]
[Black "herderhf"]
[Result "1-0"]
[WhiteElo "1842"]
[BlackElo "1731"]

1. e4 e5 2. Nf3 Nc6 3. a3 Nf6 4. d3 d5 5. exd5 Nxd5 6. Be2 Bd6 7. O-O Be6 8. Ng5
Bf5 9. Re1 h6 10. Nf3 O-O 11. c4 Nf4 12. Bxf4 exf4 13. Nc3 Ne5 14. Nd5 Nxf3+ 15.
Bxf3 c6 16. Nc3 Be7 17. Qd2 Qd6 18. d4 Bh4 19. c5 Qg6 20. Qxf4 Bg5 21. Qg3 Bd2
22. Qxg6 Bxg6 23. Red1 Bg5 24. Ne2 Rad8 25. Ng3 Bc2 26. Re1 Rxd4 27. b4 Rfd8 28.
h3 g6 29. Kh2 Kg7 30. Ne2 Rd2 31. Kg3 h5 32. Nc3 R8d4 33. Ne4 Bxe4 34. Bxe4 f5
35. f4 Bf6 36. Bf3 h4+ 37. Kh2 Rxf4 38. Rad1 Rxd1 39. Rxd1 Rd4 40. Rxd4 Bxd4 41.
Be2 Bb2 42. a4 1-0

[Event "Challenge"]
[Site "http://www.queenalice.com/game.php?id=692784"]
[Date "2009.12.4"]
[Round "-"]
[White "Juan_Mal"]
[Black "herderhf"]
[Result "1-0"]
[WhiteElo "2039"]
[BlackElo "1734"]

1. e4 e5 2. Nf3 Nf6 3. d4 Nxe4 4. Bd3 d5 5. Nxe5 Qf6 6. O-O Nc6 7. f3 Nxd4 8.
Nxf7 Ng3 9. hxg3 Qxf7 10. Re1+ Be6 11. Be3 Nc6 12. Qe2 O-O-O 13. Bxa7 Nxa7 14.
Qxe6+ Qxe6 15. Rxe6 Bc5+ 16. Kf1 g6 17. Nc3 Nc6 18. a3 Nd4 19. Re5 c6 20. Ree1
Nf5 21. Bxf5+ gxf5 22. Re6 Bd6 23. Ne2 Rhf8 24. b4 Kd7 25. Rh6 Rf7 26. Kf2 Bf8
27. Rh5 h6 28. c3 Bg7 29. Nd4 Rdf8 30. a4 1-0